Popularne zagraniczne piosenki w Polsce. 09-15.04 Spotify - Statystyki

Ogólne statystyki
  • Ten quiz został rozwiązany 4 razy
  • Średni wynik to 4 z 30
Statystyki odpowiedzi
Wykonawca Odsłuchania Utwór % Poprawnych
Dua Lipa, DaBaby 283K Levitating
50%
Miley Cyrus, Dua Lipa 245K Prisoner
50%
Tom Odell 273K Another Love
25%
Duncan Laurence 202K Arcade
25%
Masked Wolf 433K Astronaut In The Ocean
25%
The Weeknd 301K Blinding Lights
25%
Olivia Rodrigo 225K deja vu
25%
Olivia Rodrigo 355K drivers license
25%
Ava Max 230K My Head & My Heart
25%
Justin Bieber, Daniel Caesar, Giveon 479K Peaches
25%
Doja Cat 238K Streets
25%
Harry Styles 241K Watermelon Sugar
25%
Dua Lipa 211K We're Good
25%
Riton, Nightcrawlers, Mufasa, Hypeman 515K Friday
0%
Joel Corry, MNEK 199K Head & Heart
0%
Ofenbach, Quarterhead, Norma Jean Martine 209K Head Shoulders Knees & Toes
0%
Doja Cat, SZA 294K Kiss Me More
0%
Bruno Mars, Anderson .Paak, Silk Sonic 226K Leave The Door Open
0%
Lil Nas X 723K MONTERO (Call Me By Your Name)
0%
24kGoldn, iann dior 207K Mood
0%
MEDUZA, Dermot Kennedy 236K Paradise
0%
SAINt JHN, Imanbek 181K Roses
0%
AURORA 237K Runaway
0%
The Weeknd 362K Save Your Tears
0%
Twenty One Pilots 186K Shy Away
0%
The Neighbourhood 243K Sweater Weather
0%
Tiesto 347K The Business
0%
Cardi B 191K Up
0%
Ofenbach, Lagique 245K Wasted Love
0%
ATB, Topic, A7S 256K Your Love (9PM)
0%
Nie znaleziono quizów pasujących do podanych kryteriów
Rozkład punktacji
Procent ludzi z każdym wynikiem
Percentyl według liczby udzielonych odpowiedzi
Twoja historia wyników
Nie rozwiązałeś tego quizu